000
00462nam a2200181Ia 4500
008
100917s9999 xx 000 0 und d
082
_b
22366
100
_a
पानवलकर श्री. दा.
245
_a
औदुंबर
260
_b
मौज प्रकाशन
_c
1963
300
_a
206
365
_b
6
520
_a
कथा
630
_a
औदुंबर
650
_a
कथा
730
_a
औदुंबर
942
_c
BOOK
999
_c
627760
_d
627757